Je te pardonne- Maitre Gims ft. Sia paroles - Statistiques

Statistiques générales
  • Ce quiz a été pris 134 fois
  • Le résultat moyen est 126 sur 219
Statistiques - réponses
Réponse % Correct
je
94%
(je
94%
de
92%
Tu
90%
la
89%
(la
89%
pardon,
89%
mais
87%
to
87%
les
86%
demandé
85%
I
85%
I,
85%
et
83%
m’as
83%
que
80%
repoussé
80%
(repoussé)
80%
souffrais
78%
souffrais)
78%
sur
78%
(sur
78%
draps
77%
draps)
77%
j’tai
77%
j’ai
76%
ton
76%
dans
75%
(dans
75%
odeur
75%
est
74%
bras
73%
bras)
73%
laissé
73%
t’as
73%
tes
73%
colère
71%
tout
71%
j’voulais
70%
pour
70%
être
69%
haine
69%
haïr
69%
partie
69%
souvenirs
69%
you,
69%
you
69%
tenté
68%
tente
68%
comprennes
67%
qu’tu
67%
j’donnerai
66%
rancoeur
66%
d’te
62%
l’emportent
62%
for
61%
bons
59%
me
59%
forgive
55%
on
55%
se
49%
un
47%
(un
47%
sans
44%
not
43%
done
40%
have
40%
move
40%
qu’il
40%
regard
40%
regard)
40%
retrouver
40%
(retrouver)
40%
temps
40%
croise
38%
lancer
38%
nous
38%
it’s
37%
know
37%
love
37%
my
37%
pense
37%
quand
37%
what
37%
now
35%
remarque
35%
remarque)
35%
dire
34%
m’fait
34%
notre
34%
quoi
34%
time
34%
entourage
33%
heart
33%
n’sais
33%
raisonner
32%
(raisonner)
32%
always
27%
did
26%
live
26%
in
24%
see
23%
you’ll
23%
You’ll
23%
right
22%
from
20%
ohh
20%
and
19%
wrong
18%
Aucun quiz correspondant
Distribution des résultats
% des personnes avec chaque résultat
Percentile par nombre de réponses
Votre historique - résultats
Vous n’avez pas pris ce quiz